[Event "NCL978 Midland Ms-Barbican"]
[Site "Rd9"]
[Date "1998.05.23"]
[Round "9.5"]
[White "Rowson, Jonathan"]
[Black "Knott, Simon"]
[Result "1-0"]
[WhiteElo "2485"]
[BlackElo "2350"]
[PlyCount "109"]
[EventDate "1998.05.23"]

1. d4 Nf6 2. c4 g6 3. Nc3 d5 4. cxd5 Nxd5 5. Na4 Bg7 6. e4 Nb6 7. Be3 e5 8. d5
O-O 9. Nf3 c6 10. Nxb6 axb6 11. Bc4 b5 12. Bb3 Na6 13. O-O Nc7 14. dxc6 Qxd1
15. Rfxd1 bxc6 16. Rac1 Be6 17. Rxc6 Bxb3 18. axb3 Ne6 19. Kf1 Nd4 20. Bxd4
exd4 21. Rc5 Rfe8 22. e5 Rad8 23. Rxd4 Rxd4 24. Nxd4 Bxe5 25. Nc6 Bxb2 26. Rxb5
Re6 27. Rc5 h5 28. b4 Ba3 29. Rc3 Rxc6 30. Rxc6 Bxb4 31. Ke2 Kf8 32. Kd3 Be1
33. Rc2 Kg7 34. Ke4 Ba5 35. Ke5 Bd8 36. Kd6 Bg5 37. Kd7 Bf4 38. h3 Be5 39. Ke8
f6 40. Rc8 h4 41. Rd8 f5 42. Rd7+ Kf6 43. Kf8 g5 44. f3 Bc3 45. Rd5 Ke6 46. Rb5
Bd4 47. Kg8 Kf6 48. Kh7 Be3 49. Kh6 Bc1 50. Kh5 Be3 51. Rb8 Kf7 52. Rh8 Bc1 53.
Rh7+ Kf6 54. Rh6+ Ke5 55. Rg6 1-0

[Event "NCL978 Midland Ms-Barbican"]
[Site "Rd9"]
[Date "1998.05.23"]
[Round "9.6"]
[White "Plueg, Andreas"]
[Black "Collinson, Adam"]
[Result "0-1"]
[WhiteElo "2375"]
[BlackElo "2400"]
[PlyCount "56"]
[EventDate "1998.05.23"]

1. d4 Nf6 2. c4 g6 3. Nc3 Bg7 4. e4 d6 5. Be2 O-O 6. Be3 c5 7. dxc5 Qa5 8. cxd6
Nxe4 9. dxe7 Re8 10. Kf1 Nxc3 11. bxc3 Nc6 12. Nf3 Rxe7 13. Nd4 Bd7 14. Qb3
Rae8 15. Nb5 Be6 16. Rc1 Rd7 17. h3 a6 18. Na3 b5 19. Kg1 Ne5 20. Kh2 bxc4 21.
Qb4 Qc7 22. g3 Bf8 23. Qa4 Bd5 24. Rhd1 Bc6 25. Rxd7 Qxd7 26. Qa5 Nd3 27. Rf1
Nxf2 28. Bxf2 Rxe2 0-1

[Event "NCL978 Midland Ms-Barbican"]
[Site "Rd9"]
[Date "1998.05.23"]
[Round "9.7"]
[White "Webster, Andrew"]
[Black "Pritchett, Craig"]
[Result "1-0"]
[WhiteElo "2420"]
[BlackElo "2315"]
[PlyCount "107"]
[EventDate "1998.05.23"]

1. c4 Nf6 2. g3 e5 3. Bg2 Bc5 4. Nc3 O-O 5. e3 Re8 6. Nge2 Nc6 7. O-O e4 8. Qc2
Nb4 9. Qb1 d5 10. a3 Nd3 11. cxd5 Bf5 12. Nxe4 Nxe4 13. Qxd3 Nxg3 14. Qc4 Nxe2+
15. Qxe2 Be4 16. Qc4 Qh4 17. h3 Qg5 18. f3 Qxd5 19. Qxd5 Bxd5 20. b4 Bd6 21.
Bb2 a5 22. Bc3 axb4 23. axb4 Rxa1 24. Rxa1 b6 25. Kf2 f5 26. Bf1 Kf7 27. Bd3 g6
28. Bb5 Re7 29. h4 Be5 30. Bxe5 Rxe5 31. Rc1 Re7 32. Kg3 h6 33. Bc6 Ke6 34. Kf4
Rg7 35. Bxd5+ Kxd5 36. b5 g5+ 37. hxg5 hxg5+ 38. Kxf5 Rf7+ 39. Kg4 Kd6 40. Rc6+
Kd5 41. Rg6 Kc4 42. Rxg5 Rd7 43. d4 Re7 44. Re5 Rg7+ 45. Kf5 Rd7 46. Ke4 c6 47.
bxc6 Rc7 48. d5 b5 49. Re8 b4 50. Ke5 b3 51. Rb8 Rh7 52. d6 Rh5+ 53. Ke4 Rb5
54. c7 1-0

[Event "NCL978 NW Eagles-Guildford"]
[Site "Rd9"]
[Date "1998.05.23"]
[Round "9.1"]
[White "James, Dale"]
[Black "King, Danny"]
[Result "0-1"]
[WhiteElo "2225"]
[BlackElo "2530"]
[PlyCount "70"]
[EventDate "1998.05.23"]

1. e4 c5 2. Nf3 d6 3. d4 cxd4 4. Nxd4 Nf6 5. Bd3 g6 6. Nd2 Bg7 7. c3 O-O 8. h3
b6 9. Qe2 Bb7 10. N2b3 Nbd7 11. f4 e5 12. Nb5 Qe7 13. O-O Nh5 14. f5 Ng3 15.
Qe1 Nxf1 16. Qxf1 Nf6 17. Bg5 a6 18. Na3 h6 19. Bxf6 Qxf6 20. Nc4 gxf5 21. exf5
d5 22. Ne3 h5 23. g4 d4 24. cxd4 exd4 25. Ng2 Bh6 26. Re1 Rfe8 27. Rxe8+ Rxe8
28. Bxa6 Ba8 29. Bb5 Be3+ 30. Nxe3 Rxe3 31. Qf4 Qh4 32. Qb8+ Kg7 33. f6+ Qxf6
34. Qxa8 Rg3+ 35. Kh1 Qf2 0-1

[Event "NCL978 NW Eagles-Guildford"]
[Site "Rd9"]
[Date "1998.05.23"]
[Round "9.3"]
[White "Tebb, David"]
[Black "Povah, Nigel"]
[Result "1/2-1/2"]
[WhiteElo "2260"]
[BlackElo "2335"]
[PlyCount "45"]
[EventDate "1998.05.23"]

1. e4 d5 2. exd5 Nf6 3. Bb5+ Bd7 4. Be2 Bf5 5. d4 Nxd5 6. Nf3 e6 7. O-O Nc6 8.
a3 Be7 9. c4 Nb6 10. Nc3 Bf6 11. d5 Ne7 12. dxe6 Bxe6 13. c5 Qxd1 14. Rxd1 Bxc3
15. cxb6 Bf6 16. bxc7 Nd5 17. Ng5 Nxc7 18. Ne4 Be7 19. Nd6+ Bxd6 20. Rxd6 Ke7
21. Rd4 Rhd8 22. Rxd8 Rxd8 23. Be3 1/2-1/2

[Event "NCL978 NW Eagles-Guildford"]
[Site "Rd9"]
[Date "1998.05.23"]
[Round "9.4"]
[White "Kennaugh, Charles"]
[Black "Merriman, John"]
[Result "1/2-1/2"]
[WhiteElo "2295"]
[BlackElo "2255"]
[PlyCount "82"]
[EventDate "1998.05.23"]

1. e4 e6 2. d4 d5 3. Nc3 Bb4 4. e5 b6 5. Bd2 Qd7 6. Bb5 c6 7. Ba4 a5 8. a3 Bf8
9. Qg4 Na6 10. Nce2 Nc7 11. c3 Ba6 12. Nf4 Nh6 13. Qf3 O-O-O 14. Nge2 Nf5 15.
h4 f6 16. Nd3 Kb7 17. Nef4 g5 18. hxg5 fxg5 19. Nh5 Nh4 20. Rxh4 gxh4 21. Nf6
Qf7 22. Nf4 Ne8 23. N4h5 Nxf6 24. Nxf6 Qg6 25. O-O-O Bd3 26. Rh1 b5 27. Bd1 b4
28. cxb4 axb4 29. Bxb4 Bxb4 30. axb4 Qg5+ 31. Qe3 Qxe3+ 32. fxe3 Kc7 33. Bg4
Bg6 34. Bxe6 Ra8 35. Rxh4 Ra4 36. Kd2 Rha8 37. g4 Rxb4 38. Bf5 Rxb2+ 39. Kc3
Raa2 40. Nxh7 Bxf5 41. gxf5 Rc2+ 1/2-1/2

[Event "NCL978 NW Eagles-Guildford"]
[Site "Rd9"]
[Date "1998.05.23"]
[Round "9.5"]
[White "Lund, Brett"]
[Black "Webb, Richard"]
[Result "1/2-1/2"]
[WhiteElo "2255"]
[BlackElo "2315"]
[PlyCount "90"]
[EventDate "1998.05.23"]

1. g3 c5 2. Bg2 Nc6 3. c4 g6 4. Nc3 Bg7 5. Rb1 e6 6. h4 h6 7. Nh3 Nge7 8. Nf4
a6 9. b3 Rb8 10. Bb2 d6 11. d3 b5 12. Qc1 e5 13. Nfd5 b4 14. Nd1 Nd4 15. e3 Ne6
16. Qd2 Bb7 17. f4 Nf5 18. Qf2 h5 19. e4 Nh6 20. N1e3 Bxd5 21. cxd5 Nd4 22. f5
gxf5 23. exf5 Qf6 24. Be4 Ng4 25. Nxg4 hxg4 26. Bxd4 exd4 27. Qe2 Kd7 28. Qxg4
Bh6 29. Qf3 Be3 30. Rb2 a5 31. Kf1 Rbg8 32. Rbh2 Qe5 33. g4 f6 34. Ke2 Kc7 35.
Rh3 Rg7 36. Rg3 {(Draw offer)} Rgh7 37. Rgh3 Kb6 38. Kd1 Ra7 39. g5 fxg5 40.
hxg5 Rxh3 41. Qxh3 Bxg5 42. Qg4 Rg7 43. Qf3 Bf6 44. Qf2 Bg5 45. Qh2 Bf4 1/2-1/2

[Event "NCL978 NW Eagles-Guildford"]
[Site "Rd9"]
[Date "1998.05.23"]
[Round "9.6"]
[White "Anderton, Matthew"]
[Black "Sheldon, Ruth"]
[Result "1-0"]
[WhiteElo "2260"]
[BlackElo "2220"]
[PlyCount "89"]
[EventDate "1998.05.23"]

1. e4 c5 2. c3 Nf6 3. e5 Nd5 4. d4 cxd4 5. Nf3 e6 6. cxd4 b6 7. Bd3 Bb4+ 8. Bd2
Bxd2+ 9. Nfxd2 Ba6 10. Ne4 O-O 11. Nbc3 f5 12. Nxd5 fxe4 13. Bxa6 Nxa6 14. Nc3
Qg5 15. O-O e3 16. f3 Nb4 17. Qe2 Rac8 18. Rad1 Rxc3 19. bxc3 Nd5 20. Rde1 Nf4
21. Qc2 Rc8 22. g3 e2 23. Rf2 Nh3+ 24. Kg2 Nxf2 25. Kxf2 Qh6 26. h4 g5 27. Qd2
Kg7 28. Rg1 g4 29. f4 Qg6 30. Rc1 Qe4 31. Qxe2 Qxe2+ 32. Kxe2 Kg6 33. Kd3 h5
34. a4 Rc7 35. c4 Kf5 36. Rb1 Kg6 37. Rb4 Kf5 38. Rb5 Kg6 39. d5 exd5 40. Rxd5
Kf7 41. Rd6 Kg7 42. f5 Rb7 43. Kd4 Rc7 44. Rg6+ Kh7 45. Rg5 1-0

[Event "NCL978 NW Eagles-Guildford"]
[Site "Rd9"]
[Date "1998.05.23"]
[Round "9.7"]
[White "Giblin, William"]
[Black "Thompson, Ian"]
[Result "1-0"]
[WhiteElo "2160"]
[BlackElo "2275"]
[PlyCount "71"]
[EventDate "1998.05.23"]

1. d4 e6 2. Nf3 Nf6 3. c4 b6 4. a3 Bb7 5. Nc3 d5 6. cxd5 Nxd5 7. e3 Be7 8. Bb5+
c6 9. Bd3 O-O 10. O-O c5 11. e4 Nxc3 12. bxc3 cxd4 13. cxd4 Nc6 14. Bb2 Rc8 15.
Qe2 Na5 16. Rfe1 Re8 17. Rad1 Bf8 18. Ne5 f6 19. Ng4 Qc7 20. Rc1 Qf7 21. Rxc8
Rxc8 22. d5 e5 23. f4 h5 24. fxe5 hxg4 25. exf6 g3 26. Rf1 Bc5+ 27. Kh1 g6 28.
Qg4 Kf8 29. Bc1 Bd6 30. Bh6+ Ke8 31. e5 Qxd5 32. f7+ Kd8 33. Bg5+ Kc7 34. exd6+
Kxd6 35. Rf6+ Kc7 36. Bf4+ 1-0

[Event "NCL978 Slough-SW Dragons"]
[Site "Rd9"]
[Date "1998.05.23"]
[Round "9.1"]
[White "Gurevich, Mikhail"]
[Black "Cummings, David"]
[Result "1-0"]
[WhiteElo "2640"]
[BlackElo "2385"]
[PlyCount "81"]
[EventDate "1998.05.23"]

1. c4 Nf6 2. Nc3 c5 3. g3 e6 4. Nf3 b6 5. Bg2 Bb7 6. O-O a6 7. Re1 Be7 8. e4 d6
9. d4 cxd4 10. Nxd4 Qc7 11. Be3 O-O 12. Rc1 Re8 13. g4 Bf8 14. g5 Nfd7 15. b3
Nc6 16. Ncb5 Qb8 17. Nxc6 Bxc6 18. Nd4 Bb7 19. h4 g6 20. Qd2 Ne5 21. Qe2 Nc6
22. Red1 Bg7 23. Qd2 Rd8 24. Ne2 b5 25. cxb5 axb5 26. Nc3 Ba6 27. Nd5 exd5 28.
Rxc6 dxe4 29. Bxe4 Bb7 30. Rb6 d5 31. Bg2 Qc8 32. Rxb5 Qd7 33. a4 Rac8 34. Bd4
Bf8 35. Qf4 Bg7 36. Bxg7 Kxg7 37. Rb6 Bc6 38. a5 Re8 39. b4 Re6 40. Qd4+ Kg8
41. Bh3 1-0

[Event "NCL978 Slough-SW Dragons"]
[Site "Rd9"]
[Date "1998.05.23"]
[Round "9.2"]
[White "Cooper, John"]
[Black "Kosten, Anthony"]
[Result "1-0"]
[WhiteElo "2335"]
[BlackElo "2535"]
[PlyCount "99"]
[EventDate "1998.05.23"]

1. d4 Nf6 2. c4 e6 3. Nf3 Bb4+ 4. Bd2 Qe7 5. g3 Nc6 6. Bg2 Bxd2+ 7. Nbxd2 d6 8.
e4 a5 9. O-O e5 10. d5 Nb8 11. Qa4+ Bd7 12. Qa3 O-O 13. Ne1 c6 14. f4 cxd5 15.
fxe5 Nxe4 16. Nxe4 dxe4 17. Qxd6 Qxd6 18. exd6 f5 19. Nc2 Ra6 20. Rad1 b5 21.
b3 bxc4 22. bxc4 Ba4 23. Rf2 Rc6 24. Rd4 Bxc2 25. Rxc2 Nd7 26. g4 g6 27. gxf5
gxf5 28. Bh3 Ne5 29. Kf2 Kf7 30. Ke3 Kf6 31. Bxf5 Nxc4+ 32. Kf4 Rc5 33. Bg4
Kg6+ 34. Kg3 Rg5 35. Rcxc4 h5 36. Rxe4 Rd8 37. Rcd4 Kf6 38. d7 Rxg4+ 39. Rxg4
hxg4 40. Kxg4 Ke7 41. a4 Rg8+ 42. Kf5 Kd8 43. h4 Rg1 44. h5 Rh1 45. Kg6 Rg1+
46. Kh7 Rg2 47. h6 Rg1 48. Rd6 Rg4 49. Rg6 Rxa4 50. Kg8 1-0

[Event "NCL978 Slough-SW Dragons"]
[Site "Rd9"]
[Date "1998.05.23"]
[Round "9.3"]
[White "Conquest, Stuart"]
[Black "Dyce, Andrew"]
[Result "0-1"]
[WhiteElo "2470"]
[BlackElo "2230"]
[PlyCount "71"]
[EventDate "1998.05.23"]

1. e4 c6 2. d4 d5 3. e5 c5 4. dxc5 e6 5. Qg4 Qc7 6. Nf3 Nc6 7. Bb5 Nge7 8. O-O
Bd7 9. c4 h5 10. Qh3 dxc4 11. Na3 Nf5 12. Bxc4 Bxc5 13. Nb5 Qb6 14. Nc3 Ncd4
15. Ng5 Qc7 16. Bd2 Be7 17. Bd3 Bc6 18. Rac1 Rd8 19. Nce4 Qxe5 20. Rfe1 Qb8 21.
Nc5 Rd5 22. b4 Qd8 23. Ncxe6 fxe6 24. Nxe6 Qd7 25. Nf4 Rd6 26. Rc5 g6 27. Bc3
Rh7 28. Rce5 Kd8 29. Bc4 Bf6 30. Nxg6 Rg7 31. Qxh5 Bxe5 32. Nxe5 Bxg2 33. Qh8+
Kc7 34. Bxd4 Nxd4 35. Bf7 Qxf7 36. Rc1+ 0-1

[Event "NCL978 Slough-SW Dragons"]
[Site "Rd9"]
[Date "1998.05.23"]
[Round "9.5"]
[White "Lalic, Susan"]
[Black "Zeidler, Sven"]
[Result "1-0"]
[WhiteElo "2370"]
[BlackElo "2255"]
[PlyCount "51"]
[EventDate "1998.05.23"]

1. e4 d5 2. exd5 Qxd5 3. Nc3 Qa5 4. d4 Nf6 5. Nf3 Bg4 6. h3 Bh5 7. g4 Bg6 8.
Ne5 e6 9. Bg2 c6 10. h4 Nbd7 11. Nxd7 Kxd7 12. h5 Be4 13. Bxe4 Nxe4 14. Qf3 Nd6
15. Bf4 f6 16. O-O Re8 17. b4 Qa3 18. Rab1 Nb5 19. Rb3 Qa6 20. Nxb5 cxb5 21.
Ra3 Qb6 22. d5 a6 23. dxe6+ Rxe6 24. Rd1+ Ke8 25. Rc3 g5 26. Be3 1-0

[Event "NCL978 Slough-SW Dragons"]
[Site "Rd9"]
[Date "1998.05.23"]
[Round "9.6"]
[White "James, David J"]
[Black "Smith, Andrew P"]
[Result "1-0"]
[WhiteElo "2255"]
[BlackElo "2280"]
[PlyCount "55"]
[EventDate "1998.05.23"]

1. d4 c6 2. c4 d6 3. Nc3 a6 4. e4 Nd7 5. Nf3 e5 6. Be3 Ngf6 7. h3 b5 8. a3 Bb7
9. d5 cxd5 10. cxd5 Be7 11. Bd3 Qb8 12. b4 Bd8 13. a4 a5 14. Nxb5 axb4 15. Nd2
Ba6 16. O-O Bxb5 17. axb5 Rxa1 18. Qxa1 O-O 19. Rc1 Bb6 20. Bxb6 Qxb6 21. Rc6
Qb8 22. Nb3 Nh5 23. Qa6 Nf4 24. Bf1 Nf6 25. b6 Nxe4 26. b7 Nxd5 27. Rc8 Nc7 28.
Rxb8 1-0

[Event "NCL978 Slough-SW Dragons"]
[Site "Rd9"]
[Date "1998.05.23"]
[Round "9.7"]
[White "Houska, Jovanka"]
[Black "Saunders, John"]
[Result "1-0"]
[WhiteElo "2185"]
[BlackElo "2225"]
[PlyCount "79"]
[EventDate "1998.05.23"]

1. e4 g6 2. d4 d6 3. Nf3 Bg7 4. Nc3 Nf6 5. Be2 O-O 6. h3 Nbd7 7. Be3 c6 8. Qd2
e5 9. O-O Re8 10. dxe5 dxe5 11. Rfd1 Qe7 12. Bg5 Nc5 13. Qe3 b6 14. a3 Qc7 15.
b4 Ne6 16. Bh6 Bh8 17. Bc4 b5 18. Bf1 Nh5 19. a4 Nd4 20. axb5 Nxc2 21. Qc5 Be6
22. Ra6 Qe7 23. Qxe7 Rxe7 24. b6 Nxb4 25. Rxa7 Rexa7 26. bxa7 Bf6 27. Rb1 c5
28. Be3 Be7 29. Na4 Ba2 30. Rb2 c4 31. Nc5 Rxa7 32. Rxb4 c3 33. Rb8+ Kg7 34.
Ne6+ Bxe6 35. Bxa7 c2 36. Be3 Ba3 37. Ng5 c1=Q 38. Nxe6+ fxe6 39. Bxc1 Bxc1 40.
Rb7+ 1-0

[Event "NCL978 Slough-SW Dragons"]
[Site "Rd9"]
[Date "1998.05.23"]
[Round "9.8"]
[White "Cast, Abigail"]
[Black "Armstrong, Malcolm"]
[Result "0-1"]
[WhiteElo "2120"]
[BlackElo "1928"]
[PlyCount "110"]
[EventDate "1998.05.23"]

1. d4 Nf6 2. Nf3 g6 3. Bg5 Bg7 4. Nbd2 O-O 5. e3 d6 6. Bd3 Nbd7 7. O-O e5 8. c3
Qe8 9. e4 h6 10. Bxf6 Nxf6 11. dxe5 dxe5 12. Qb3 Nh5 13. Rfe1 Nf4 14. Bf1 Qe7
15. Nc4 Bg4 16. Qa3 Qxa3 17. Nxa3 Bxf3 18. gxf3 Rfd8 19. Rad1 Bf8 20. Nc4 f6
21. Ne3 c6 22. Nc4 b6 23. Ne3 b5 24. c4 b4 25. c5 Bxc5 26. Rc1 Bd4 27. Rxc6
Bxb2 28. Rxf6 Kg7 29. Rc6 Rac8 30. Rxc8 Rxc8 31. Rd1 Bd4 32. Nc4 Kf6 33. Rb1
Bc3 34. Nd6 Rc6 35. Nc4 Ra6 36. Nxe5 Rxa2 37. Ng4+ Kg7 38. Rd1 Rd2 39. Rxd2
Bxd2 40. Bc4 h5 41. Ne5 Kf6 42. Nc6 Bc3 43. Nxa7 Ke5 44. Nb5 h4 45. Kf1 Bd2 46.
Bb3 h3 47. Ba2 Ne6 48. Bxe6 Kxe6 49. Nd4+ Kd6 50. Nb3 Bf4 51. Kg1 Kc6 52. Nd4+
Kb6 53. Ne2 g5 54. Nd4 Kc5 55. Nb3+ Kc4 0-1

[Event "NCL978 Wood Green-Richmond"]
[Site "Rd9"]
[Date "1998.05.23"]
[Round "9.1"]
[White "Ward, Chris"]
[Black "Bates, Richard"]
[Result "1-0"]
[WhiteElo "2480"]
[BlackElo "2430"]
[PlyCount "187"]
[EventDate "1998.05.24"]

1. d4 Nf6 2. c4 d6 3. Nc3 e5 4. d5 Bf5 5. f3 e4 6. Qd4 Na6 7. Bg5 Be7 8. fxe4
Nb4 9. Qd1 Nxe4 10. Bxe7 Kxe7 11. Rc1 Kf8 12. Nf3 Nxc3 13. Rxc3 Nxa2 14. Rb3 a5
15. Nd4 Bd7 16. Rf3 Qe7 17. g3 g6 18. Bg2 Kg7 19. O-O Rhf8 20. Qd2 Nb4 21. Re3
Qg5 22. Nf3 Qh6 23. h4 Rae8 24. Ng5 f6 25. Rxe8 Rxe8 26. Qf4 Rf8 27. Qe4 fxg5
28. Qe7+ Kg8 29. Qxd7 Rxf1+ 30. Bxf1 gxh4 31. Qe6+ Kf8 32. Qc8+ Ke7 33. Qxc7+
Ke8 34. Qc8+ Kf7 35. Qe6+ Kg7 36. Qe7+ Kh8 37. Qd8+ Kg7 38. Qc7+ Kh8 39. Qd8+
Kg7 40. Qe7+ Kh8 41. Qf6+ Qg7 42. Qd8+ Qg8 43. Qf6+ Qg7 44. Qd8+ Qg8 45. Qxd6
h5 46. Qe5+ Qg7 47. Qxg7+ Kxg7 48. gxh4 Kf6 49. Kf2 Ke5 50. Ke3 Nc2+ 51. Kd3
Nd4 52. Bh3 Nb3 53. Bg2 b6 54. e3 Nc5+ 55. Kc3 Na4+ 56. Kb3 Nc5+ 57. Ka3 Nd3
58. b3 Ne1 59. Bh1 Nd3 60. Bg2 Ne1 61. d6 Kxd6 62. Be4 Ke5 63. Bxg6 Ng2 64.
Bxh5 Kd6 65. Ka4 Kc5 66. Bg6 Nxe3 67. h5 Ng4 68. Bf5 Nh6 69. Be6 Kc6 70. Bh3
Kc5 71. Bd7 Nf7 72. Ka3 Kd4 73. Kb2 Kd3 74. Bf5+ Kd4 75. Kc2 Nh6 76. Bd7 Nf7
77. Kd2 Nh6 78. Ke2 Ng8 79. Be6 Nh6 80. Kf3 Ke5 81. Bd7 Kd6 82. Be8 Ke5 83. Bg6
Ng8 84. Kg4 Kf6 85. Kf4 Ne7 86. Be4 Ng8 87. Bh7 Ne7 88. Ke4 Kg7 89. Bg6 Kf6 90.
Kd4 Nc6+ 91. Kd5 Ne5 92. Bc2 Nf3 93. h6 Ne1 94. Be4 1-0

[Event "NCL978 Wood Green-Richmond"]
[Site "Rd9"]
[Date "1998.05.23"]
[Round "9.2"]
[White "McShane, Luke"]
[Black "Levitt, Jon"]
[Result "1/2-1/2"]
[WhiteElo "2490"]
[BlackElo "2425"]
[PlyCount "111"]
[EventDate "1998.05.24"]

1. e4 e6 2. d4 d5 3. Nd2 c5 4. exd5 Qxd5 5. Ngf3 cxd4 6. Bc4 Qd6 7. O-O Nf6 8.
Nb3 Nc6 9. Nbxd4 Nxd4 10. Nxd4 a6 11. Re1 Qc7 12. Bb3 Bd6 13. Nf5 Bxh2+ 14. Kh1
O-O 15. Nxg7 Rd8 16. Qf3 Kxg7 17. Bh6+ Kg6 18. c3 Nh5 19. Bc1 Bf4 20. g4 Ng3+
21. fxg3 Bxc1 22. Raxc1 b6 23. Bc2+ Kg7 24. Be4 Rb8 25. Rc2 Bb7 26. Rh2 Bxe4
27. Qxe4 Qb7 {(Draw offer)} 28. Rxh7+ Kg8 29. Qxb7 Rxb7 30. Rh2 Rd3 31. Kg2
Rbd7 32. Re2 b5 33. Rh1 Rd2 34. Kf2 R7d3 35. Rhe1 Kg7 36. Rxd2 Rxd2+ 37. Re2
Rd3 38. Re3 Rd2+ 39. Re2 Rd3 40. Kg2 Kf6 41. Rf2+ Kg6 42. Kh3 f6 43. Rc2 e5 44.
c4 bxc4 45. Rxc4 Rd2 46. Rb4 a5 47. Ra4 Rxb2 48. Rxa5 e4 49. Ra7 e3 50. Re7
Rxa2 51. Rxe3 {(Draw offer)} Rb2 52. Rf3 Ra2 53. Re3 Rb2 54. Rf3 Ra2 55. Rb3
Rc2 56. Ra3 1/2-1/2

[Event "NCL978 Wood Green-Richmond"]
[Site "Rd9"]
[Date "1998.05.23"]
[Round "9.3"]
[White "Littlewood, Paul"]
[Black "Williams, Simon"]
[Result "1-0"]
[WhiteElo "2435"]
[BlackElo "2315"]
[PlyCount "80"]
[EventDate "1998.05.24"]

1. d4 e6 2. Nf3 f5 3. g3 Nf6 4. Bg2 Be7 5. c4 d6 6. O-O O-O 7. Nc3 a5 8. Re1
Ne4 9. Qc2 Nc6 10. a3 Nxc3 11. Qxc3 Bf6 12. Be3 a4 13. Qc2 e5 14. dxe5 dxe5 15.
Bc5 Be7 16. Rad1 Qe8 17. Bxe7 Qxe7 18. Qc3 Ra5 19. Rd5 Rc5 20. e3 b6 21. Red1
e4 22. Rxc5 bxc5 23. Ne1 Ne5 24. Bf1 Bb7 25. Be2 Bc6 26. h4 Rb8 27. Ng2 Rb3 28.
Qd2 Nd3 29. Rb1 Qe5 30. Nf4 Bb7 31. Nxd3 exd3 32. Bxd3 Qd6 33. Rd1 Qe5 34. Bc2
h6 35. Qd8+ Kh7 36. Qf8 Kg6 37. Rd7 Be4 38. Qf7+ Kh7 39. Bxb3 axb3 40. h5 f4
1-0

[Event "NCL978 Wood Green-Richmond"]
[Site "Rd9"]
[Date "1998.05.23"]
[Round "9.4"]
[White "Hinks-Edwards, Tom"]
[Black "Pein, Malcolm"]
[Result "1-0"]
[WhiteElo "2260"]
[BlackElo "2435"]
[PlyCount "45"]
[EventDate "1998.05.24"]

1. e4 d6 2. d4 g6 3. Nc3 Bg7 4. Be3 c6 5. Qd2 Nd7 6. Nf3 b5 7. Bd3 Bb7 8. O-O
a6 9. a4 Qc7 10. axb5 cxb5 11. Nd5 Bxd5 12. exd5 Qb8 13. Qa5 Nb6 14. Bxb5+ axb5
15. Qxb5+ Nd7 16. Qc6 Rxa1 17. Rxa1 Ngf6 18. Ra8 O-O 19. Rxb8 Rxb8 20. b3 Nb6
21. c4 Nfd7 22. c5 Ra8 23. h3 1-0

[Event "NCL978 Wood Green-Richmond"]
[Site "Rd9"]
[Date "1998.05.23"]
[Round "9.5"]
[White "Martin, Andrew"]
[Black "Wall, Gavin"]
[Result "1-0"]
[WhiteElo "2445"]
[BlackElo "2320"]
[PlyCount "75"]
[EventDate "1998.05.24"]

1. d4 Nf6 2. c4 c5 3. d5 e5 4. Nc3 d6 5. e4 Be7 6. Nge2 O-O 7. Ng3 Ne8 8. h4
Na6 9. Nf5 Nac7 10. a4 a6 11. Ra3 Bd7 12. g4 Rb8 13. g5 f6 14. Rg1 fxg5 15.
Nxe7+ Qxe7 16. Bxg5 Qf7 17. Qc2 Nf6 18. Nd1 Kh8 19. Be2 b5 20. axb5 axb5 21.
Ra7 Rfc8 22. cxb5 c4 23. Nc3 Qg6 24. Rg3 Nh5 25. Bxh5 Qxh5 26. Qe2 Qxe2+ 27.
Kxe2 Bxb5 28. Be7 Rb6 29. Bxd6 Rxd6 30. Rxc7 Rxc7 31. Nxb5 Rdd7 32. Nxc7 Rxc7
33. Rc3 Rb7 34. Rxc4 Rxb2+ 35. Kf3 Kg8 36. Rc7 Kf8 37. Rc6 Rb3+ 38. Kg2 1-0

[Event "NCL978 Wood Green-Richmond"]
[Site "Rd9"]
[Date "1998.05.23"]
[Round "9.6"]
[White "Phillips, Roy"]
[Black "Sowray, Peter"]
[Result "1-0"]
[WhiteElo "2230"]
[BlackElo "2350"]
[PlyCount "79"]
[EventDate "1998.05.24"]

1. e4 d6 2. Nc3 g6 3. g3 Bg7 4. Bg2 c5 5. f4 e5 6. d3 Ne7 7. Nh3 exf4 8. Nxf4
Nbc6 9. O-O O-O 10. Kh1 Rb8 11. Nfd5 Nxd5 12. Nxd5 Be6 13. Nf4 Qd7 14. Nxe6
Qxe6 15. c3 b5 16. a3 a5 17. Be3 b4 18. axb4 axb4 19. Ra6 Rfc8 20. Qa4 bxc3 21.
bxc3 Ne5 22. Bf4 Rb2 23. d4 cxd4 24. cxd4 Nc4 25. d5 Qg4 26. Rc6 Ne5 27. Rxc8+
Qxc8 28. Rc1 Qb8 29. Qa6 Rb1 30. Bf1 h5 31. Rc8+ Qxc8 32. Qxc8+ Kh7 33. Qa6 Nf3
34. Kg2 Ne1+ 35. Kh1 Rb2 36. Bxd6 Nf3 37. Be2 Rb1+ 38. Kg2 Ne1+ 39. Kh3 g5 40.
Bxh5 1-0

[Event "NCL978 Wood Green-Richmond"]
[Site "Rd9"]
[Date "1998.05.23"]
[Round "9.7"]
[White "Law, Andrew"]
[Black "Franklin, Michael"]
[Result "1-0"]
[WhiteElo "2325"]
[BlackElo "2195"]
[PlyCount "61"]
[EventDate "1998.05.24"]

1. d4 Nf6 2. c4 e6 3. Nc3 Bb4 4. Bg5 c5 5. d5 e5 6. Qc2 d6 7. e3 Nbd7 8. Nf3
Qa5 9. Bd3 O-O 10. O-O Bxc3 11. bxc3 Re8 12. Nd2 h6 13. Bh4 Qa6 14. Bf5 b6 15.
Bxd7 Bxd7 16. Bxf6 gxf6 17. Ne4 Kg7 18. Nxd6 Red8 19. f4 e4 20. Qxe4 Bg4 21.
Qe7 Rd7 22. Ne8+ Rxe8 23. Qxe8 Qxc4 24. e4 Qxc3 25. Kh1 h5 26. f5 Rd6 27. Rae1
h4 28. Qb8 Qe5 29. h3 Bxh3 30. gxh3 Qg3 31. Rg1 1-0

[Event "NCL978 Barbican-SW Dragons"]
[Site "Rd10"]
[Date "1998.05.24"]
[Round "10.1"]
[White "Crouch, Colin"]
[Black "Cummings, David"]
[Result "1-0"]
[WhiteElo "2410"]
[BlackElo "2385"]
[PlyCount "75"]
[EventDate "1998.05.24"]

1. d4 d5 2. c4 c6 3. Nf3 Nf6 4. e3 Bf5 5. cxd5 cxd5 6. Qb3 Qc7 7. Nc3 e6 8. Bd2
Nc6 9. Rc1 Nd7 10. Ne5 Ndxe5 11. dxe5 Be7 12. Be2 O-O 13. f4 Bh4+ 14. g3 Be7
15. O-O Bh3 16. Rf2 Rac8 17. Bd3 Rfd8 18. Qd1 Bf5 19. Bxf5 exf5 20. Qf3 Qd7 21.
Ne2 d4 22. exd4 Nxd4 23. Nxd4 Rxc1+ 24. Bxc1 Qxd4 25. Be3 Qb4 26. a3 Qa5 27.
Kg2 Rd3 28. Qxb7 Rxe3 29. Qxe7 Qd5+ 30. Kh3 h5 31. Qxa7 Rb3 32. Qc7 Qe4 33. Qc2
Rd3 34. Qe2 Qd4 35. e6 Re3 36. exf7+ Kf8 37. Qxh5 Qe4 38. Rd2 1-0

[Event "NCL978 Barbican-SW Dragons"]
[Site "Rd10"]
[Date "1998.05.24"]
[Round "10.2"]
[White "Cooper, John"]
[Black "Plaskett, James"]
[Result "0-1"]
[WhiteElo "2335"]
[BlackElo "2445"]
[PlyCount "78"]
[EventDate "1998.05.24"]

1. Nf3 c5 2. c4 Nc6 3. Nc3 Nd4 4. Ne5 g6 5. e3 Nc6 6. Nf3 Bg7 7. d4 d6 8. Be2
Nf6 9. d5 Na5 10. e4 O-O 11. Bf4 Bg4 12. b3 Nh5 13. Bd2 Nf4 14. Bf1 f5 15. h3
Bh5 16. exf5 Nxg2+ 17. Bxg2 Rxf5 18. O-O Qf8 19. Ne4 Rxf3 20. Bxa5 Qf4 21. Qd2
Qxe4 22. Rae1 Qh4 23. Qe2 Rf7 24. Qe6 Bd4 25. Re4 Bxf2+ 26. Kh1 Qf6 27. Be1
Raf8 28. Rxf2 Qxe6 29. Rxe6 Rxf2 30. Bxf2 Rxf2 31. Rxe7 Rxa2 32. Rxb7 Bd1 33.
Be4 a5 34. h4 Rb2 35. Rd7 Bxb3 36. Rxd6 Rd2 37. h5 Rd4 38. Re6 Bxc4 39. hxg6
Rxe4 0-1

[Event "NCL978 Barbican-SW Dragons"]
[Site "Rd10"]
[Date "1998.05.24"]
[Round "10.3"]
[White "Dishman, Stephen"]
[Black "Dyce, Andrew"]
[Result "1/2-1/2"]
[WhiteElo "2325"]
[BlackElo "2230"]
[PlyCount "49"]
[EventDate "1998.05.24"]

1. d4 Nf6 2. Bg5 e6 3. Nd2 h6 4. Bh4 c5 5. e3 b6 6. Ngf3 Bb7 7. Bd3 Be7 8. c3
d5 9. Ne5 O-O 10. Bxf6 Bxf6 11. f4 Ba6 12. Bxa6 Nxa6 13. Qe2 Nb8 14. Ndf3 Nd7
15. Nxd7 Qxd7 16. g4 Be7 17. h4 Bd6 18. g5 f5 19. gxh6 gxh6 20. Rg1+ Kh8 21.
Rg6 Kh7 22. Rg3 Qf7 23. O-O-O Rg8 24. Rdg1 Rxg3 25. Rxg3 1/2-1/2

[Event "NCL978 Barbican-SW Dragons"]
[Site "Rd10"]
[Date "1998.05.24"]
[Round "10.4"]
[White "Zeidler, Sven"]
[Black "Kopec, Danny"]
[Result "0-1"]
[WhiteElo "2255"]
[BlackElo "2390"]
[PlyCount "60"]
[EventDate "1998.05.24"]

1. e4 c5 2. Nc3 Nc6 3. Bb5 Nd4 4. Bc4 e6 5. Nge2 Ne7 6. O-O a6 7. a4 d5 8. exd5
exd5 9. Nxd4 dxc4 10. Nf3 Nc6 11. Ne4 Be7 12. Ra3 Bg4 13. h3 Bxf3 14. Rxf3 O-O
15. Re1 f5 16. Ng3 Nd4 17. Ra3 f4 18. Ne2 Nc6 19. d3 f3 20. Nf4 fxg2 21. Ne6
Qd7 22. Qg4 Rf7 23. dxc4 Bf6 24. Nxc5 Qxg4 25. hxg4 Be7 26. Rxe7 Rxe7 27. Be3
Ne5 28. Rb3 Nxc4 29. Bd4 b6 30. Nd3 Nd2 0-1